00398pab a2200145 454500008004000000100001500040245008800055260000900143300001300152362000800165650002200173650001400195700001700209773002600226180718b2000 xxu||||| |||| 00| 0 eng d aJain, D.K. aNutrient consumption pattern across occupation groups in different regions of India c2000 ap.458-69 aDec aNutrients - India aNutrients aSharma, A.K. aAsian Economic Review